000 00270nam a22001217a 4500
008 181012b xxu||||| |||| 00| 0 eng d
041 _aeng
080 _a201
100 _a24
101 _aTEO
245 _aReligion and Economic Action
_cSamulsson, K
942 _2udc
_cBK
999 _c49608
_d49608